Multivariate descriptive statistical analysis : (Record no. 24520)

MARC details
000 -LEADER
fixed length control field 01330cam a2200337 a 4500
001 - CONTROL NUMBER
control field 1407047
003 - CONTROL NUMBER IDENTIFIER
control field OSt
005 - DATE AND TIME OF LATEST TRANSACTION
control field 20211228094145.0
008 - FIXED-LENGTH DATA ELEMENTS--GENERAL INFORMATION
fixed length control field 831021s1984 nyua b 001 0 eng
010 ## - LIBRARY OF CONGRESS CONTROL NUMBER
LC control number 83021904
020 ## - INTERNATIONAL STANDARD BOOK NUMBER
International Standard Book Number 0471867438
040 ## - CATALOGING SOURCE
Original cataloging agency DLC
Transcribing agency HU
Modifying agency DLC
041 1# - LANGUAGE CODE
Language code of text/sound track or separate title engfre
050 00 - LIBRARY OF CONGRESS CALL NUMBER
Classification number QA278
Item number .L4213 1984
082 00 - DEWEY DECIMAL CLASSIFICATION NUMBER
Classification number 519.5/35
Edition number 19
100 1# - MAIN ENTRY--PERSONAL NAME
Personal name Lebart, Ludovic.
9 (RLIN) 25625
240 10 - UNIFORM TITLE
Uniform title Techniques de la description statistique.
Language of a work English
245 10 - TITLE STATEMENT
Title Multivariate descriptive statistical analysis :
Remainder of title correspondence analysis and related techniques for large matrices /
Statement of responsibility, etc. Ludovic Lebart, Alain Morineau, Kenneth M. Warwick ; translated by Elisabeth Moraillon Berry.
260 ## - PUBLICATION, DISTRIBUTION, ETC.
Place of publication, distribution, etc. New York :
Name of publisher, distributor, etc. Wiley,
Date of publication, distribution, etc. c1984.
300 ## - PHYSICAL DESCRIPTION
Extent xvi, 231 p. :
Other physical details ill. ;
Dimensions 24 cm.
440 #0 - SERIES STATEMENT/ADDED ENTRY--TITLE
Title Wiley series in probability and mathematical statistics.
Name of part/section of a work Applied probability and statistics
9 (RLIN) 11957
500 ## - GENERAL NOTE
General note Translation of: Techniques de la description statistique.
500 ## - GENERAL NOTE
General note Includes index.
504 ## - BIBLIOGRAPHY, ETC. NOTE
Bibliography, etc. note Bibliography: p. 223-228.
650 #0 - SUBJECT ADDED ENTRY--TOPICAL TERM
Topical term or geographic name entry element Multivariate analysis
General subdivision Data processing.
9 (RLIN) 25626
650 #0 - SUBJECT ADDED ENTRY--TOPICAL TERM
Topical term or geographic name entry element Matrices
General subdivision Data processing.
9 (RLIN) 6235
700 1# - ADDED ENTRY--PERSONAL NAME
Personal name Morineau, Alain,
Dates associated with a name 1940-
9 (RLIN) 25627
700 1# - ADDED ENTRY--PERSONAL NAME
Personal name Warwick, Kenneth M.,
Dates associated with a name 1936-
9 (RLIN) 25628
906 ## - LOCAL DATA ELEMENT F, LDF (RLIN)
a 7
b cbc
c orignew
d 1
e ocip
f 19
g y-gencatlg
942 ## - ADDED ENTRY ELEMENTS (KOHA)
Source of classification or shelving scheme Dewey Decimal Classification
Koha item type Books like text book referance book
Suppress in OPAC No
Holdings
Withdrawn status Lost status Source of classification or shelving scheme Damaged status Not for loan Collection code Home library Current library Shelving location Date acquired Total Checkouts Full call number Barcode Date last seen Copy number Price effective from Koha item type
    Dewey Decimal Classification     Reference Wondo Genet Library Wondo Genet Library General Stacks 12/28/2021   519.5'35 LEB 1984 WGCFNRL00009696 12/28/2021 1 12/28/2021 Books like text book referance book